| 000 | 00381pab a2200169 454500 | ||
|---|---|---|---|
| 008 | 180718b2002 xxu||||| |||| 00| 0 eng d | ||
| 100 | _aBhatia, Navin | ||
| 245 | _aLending to groups: is it worthwhile? | ||
| 260 | _c2002 | ||
| 300 | _ap.20-22 | ||
| 362 | _aFeb | ||
| 650 | _aBanks - India | ||
| 650 | _aBanks | ||
| 700 | _aBhatia, Anju | ||
| 773 | _aYojana | ||
| 909 | _a51273 | ||
| 999 |
_c51273 _d51273 |
||